[Event "Klubbmesterskapet 2015 (A)"]
[Site "Ås, Akershus NOR"]
[Date "2015.01.15"]
[Round "1"]
[White "Taranger, Rune"]
[Black "Lange, Holger"]
[Result "0-1"]
[WhiteElo "1572"]
[BlackElo "1587"]
[PlyCount "40"]
[EventDate "2015.01.15"]

1. d4 Nf6 2. Nf3 e6 3. e3 b6 4. Bd3 Bb7 5. O-O Be7 6. b3 O-O 7. Bb2 d5 8. Ne5
Nbd7 9. f4 c5 10. Nd2 Rc8 11. Qf3 Qc7 12. g4 c4 13. Bxh7+ Nxh7 14. c3 Nxe5 15.
dxe5 d4 16. Qh3 dxe3 17. Nxc4 Bc5 18. Nxe3 Qc6 19. b4 Bxe3+ 20. Qxe3 Qg2# 0-1

[Event "Klubbmesterskapet 2015 (A)"]
[Site "Ås, Akershus NOR"]
[Date "2015.01.15"]
[Round "1"]
[White "Moberg, Jan Rune"]
[Black "Kielland-Lund, Jon"]
[Result "0-1"]
[WhiteElo "1516"]
[BlackElo "1547"]
[Annotator "Kielland-Lund, Jon"]
[PlyCount "26"]
[EventDate "2015.01.15"]

1. d4 d5 2. c4 c6 3. Nf3 Nf6 4. Nc3 dxc4 5. a4 Bf5 6. e3 e6 7. Bxc4 Bb4 8. O-O
Nbd7 9. Qb3 a5 10. Nh4 Bg6 {Critter foretrekker Lg6 eller o-o.} 11. Nxg6 hxg6
12. e4 Qc7 {Med Sb6 i stedet vurderes stillingen omtrent lik.} 13. d5 {???
Dette må være årets tabbe i FSF.} Qxh2# 0-1

[Event "Klubbmesterskapet 2015 (B)"]
[Site "Ås, Akershus NOR"]
[Date "2015.01.15"]
[Round "1"]
[White "Stensland, Martin"]
[Black "Svebestad, Erlend"]
[Result "0-1"]
[WhiteElo "1174"]
[BlackElo "1360"]
[PlyCount "64"]
[EventDate "2015.01.15"]

1. d4 d5 2. c4 c6 3. cxd5 cxd5 4. Nc3 Nf6 5. Bf4 Bf5 6. e3 e6 7. a3 Nc6 8. Nf3
Bd6 9. Bg5 h6 10. Bh4 O-O 11. Be2 Be7 12. O-O Ne8 13. Bg3 Nd6 14. b3 Bf6 15. h3
Re8 16. a4 Rc8 17. Nb5 Ne4 18. Bh2 a6 19. Na3 Nc3 20. Qd2 Nxe2+ 21. Qxe2 Qb6
22. Nd2 Na5 23. Nf3 Qxb3 24. Qd2 Nc4 25. Nxc4 Rxc4 26. Rfc1 Rec8 27. Rxc4 Rxc4
28. Qe1 Rxa4 29. Rxa4 Qxa4 30. Be5 Bxe5 31. dxe5 Qb5 32. Nd4 Qb1 0-1

[Event "Klubbmesterskapet 2015 (B)"]
[Site "Ås, Akershus NOR"]
[Date "2015.01.15"]
[Round "1"]
[White "Naasen, Nils"]
[Black "Rønbeck, Bjørn"]
[Result "0-1"]
[WhiteElo "1239"]
[BlackElo "1158"]
[PlyCount "88"]
[EventDate "2015.01.15"]

1. d4 d5 2. c4 dxc4 3. Nc3 e6 4. e3 Nf6 5. Bxc4 Bb4 6. Bd2 O-O 7. Nf3 b6 8. O-O
Bb7 9. a3 Bd6 10. Re1 c6 11. e4 Be7 12. Rc1 Nbd7 13. e5 Ne8 14. Qe2 g6 15. Be3
Ng7 16. Bh6 Re8 17. Bxg7 Kxg7 18. Ne4 Rh8 19. Bd3 h6 20. Bb1 Rh7 21. b4 h5 22.
Qe3 h4 23. h3 Rh5 24. Ba2 Nf8 25. Rcd1 Nh7 26. Nh2 Ng5 27. f4 Nxe4 28. Qxe4 Qc7
29. Qe3 c5 30. bxc5 bxc5 31. d5 c4 32. d6 Qc6 33. Nf3 Bd8 34. Qc3 Rc8 35. Kh2
Bb6 36. d7 Rd8 37. Qxc4 Bf2 38. Qxc6 Bxc6 39. Nd4 Ba4 40. Bb3 Bxb3 41. Nxb3
Bxe1 42. Nc5 Bg3+ 43. Kh1 Bxf4 44. Nb7 Rhh8 0-1

[Event "Klubbmesterskapet 2015 (B)"]
[Site "Ås, Akershus NOR"]
[Date "2015.01.15"]
[Round "1"]
[White "Ruud, Kjetil"]
[Black "Olsen, Trygve"]
[Result "1-0"]
[WhiteElo "1301"]
[BlackElo "1240"]
[PlyCount "69"]
[EventDate "2015.01.15"]

1. e4 c5 2. f4 e6 3. Nf3 Nc6 4. c3 Nf6 5. e5 Nd5 6. d4 Be7 7. Bd3 Bh4+ 8. g3
Be7 9. Be4 Nb6 10. Qd3 c4 11. Qc2 h5 12. h4 d5 13. exd6 Bxd6 14. Ne5 Nxe5 15.
dxe5 Bc5 16. Qe2 Qc7 17. b4 cxb3 18. axb3 Nd5 19. b4 Nxc3 20. Nxc3 Bf2+ 21.
Kxf2 Qxc3 22. Bd2 Qd4+ 23. Qe3 Qxe3+ 24. Bxe3 a6 25. Bc5 Rh6 26. Rhd1 f5 27.
exf6 gxf6 28. Rd6 f5 29. Bxf5 Rf6 30. Be4 Kf7 31. Rb6 e5 32. Bd5+ Be6 33. Rxb7+
Kg8 34. Rb6 Re8 35. Raxa6 1-0

[Event "Klubbmesterskapet 2015 (B)"]
[Site "Ås, Akershus NOR"]
[Date "2015.01.15"]
[Round "1"]
[White "Fuglseth, Jan"]
[Black "Simonsen, Steinar"]
[Result "1-0"]
[WhiteElo "1404"]
[BlackElo "1300"]
[PlyCount "93"]
[EventDate "2015.01.15"]

1. c4 e6 2. Nc3 Nf6 3. g3 c5 4. Bg2 Be7 5. Nf3 Nc6 6. d4 cxd4 7. Nxd4 O-O 8.
O-O Nxd4 9. Qxd4 Qc7 10. Bf4 Qc5 11. Qd3 d6 12. a3 e5 13. Be3 Qc7 14. Rfd1 Ng4
15. Bd2 Qb6 16. e3 g6 17. Nd5 Qd8 18. Nxe7+ Qxe7 19. Bb4 Rd8 20. Bxd6 Qd7 21.
Qc3 Qe6 22. c5 e4 23. Rd4 Qf6 24. Qc2 Re8 25. Bxe4 Bf5 26. Bxf5 gxf5 27. Rd5
Ne5 28. Qe2 Rac8 29. Rad1 Ng4 30. h3 Ne5 31. Kg2 Nc6 32. b4 Ne7 33. R5d4 Nc6
34. Rh4 Qg6 35. Qf3 Ne5 36. Qxb7 Nc4 37. Bf4 Qe6 38. Rh6 Qe4+ 39. Qxe4 Rxe4 40.
Ra6 Re7 41. Bg5 Rec7 42. Rd8+ Rxd8 43. Bxd8 Rd7 44. Bf6 h5 45. c6 Rc7 46. Bd8
Rc8 47. c7 1-0

[Event "Klubbmesterskapet 2015 (B)"]
[Site "Ski, Akershus NOR"]
[Date "2015.01.25"]
[Round "1"]
[White "Garmark, Vegard"]
[Black "Bø, Martin"]
[Result "1-0"]
[WhiteElo "1219"]
[BlackElo "1174"]
[Annotator "Bø, Martin"]
[PlyCount "123"]
[EventDate "2015.01.15"]

1. c4 c5 2. Nc3 Nc6 3. d3 Nf6 4. g3 g6 5. Bg2 Bg7 6. Nf3 O-O 7. Bf4 a6 8. O-O
Rb8 (8... d6) 9. Bxb8 Nxb8 10. Rb1 Nc6 11. a3 d6 12. Nd2 Bd7 13. Nce4 Nxe4 14.
Nxe4 Qc8 15. b4 cxb4 16. axb4 Bh3 17. b5 axb5 18. Rxb5 Bxg2 19. Kxg2 f5 20. Ng5
f4 21. Qb1 Nd8 22. Ne4 fxg3 23. fxg3 Rxf1 24. Qxf1 h5 25. Rg5 Ne6 (25... Qe6)
26. Rxg6 Nf8 27. Rg5 Ne6 (27... h4) 28. Rxh5 Qc6 29. Qf5 Nf8 30. c5 dxc5 31.
Qxc5 Qe6 32. Qd5 b6 33. Qxe6+ Nxe6 34. Rb5 Bd4 35. Kf3 Nc7 36. Rb4 e5 37. e3
Nd5 38. exd4 (38. Nf6+ Nxf6 39. exd4 Nd7 40. dxe5 Nxe5+ 41. Ke4) 38... Nxb4 39.
dxe5 Nxd3 40. e6 Kf8 41. Ke3 Ne5 42. Kd4 Nf3+ 43. Kd5 Nxh2 44. Kc6 {Bukk.
Etter Ke7 er det teoretisk remis frem til 48..Ng6} (44. Kd6 {Matt i 20 trekk})
44... Ke7 45. Ng5 b5 46. Kxb5 Ng4 47. Kc4 Ne5+ (47... Nf6 48. Kd4 Nh5 49. Ne4
Nxg3 50. Nxg3 Kxe6 {Remis}) 48. Kd5 Ng6 (48... Ng4) 49. Ke4 Nf8 50. Kf5 Ke8 51.
Kf6 Kd8 52. e7+ Ke8 53. exf8=Q+ Kxf8 54. Ne4 Kg8 55. g4 Kf8 56. g5 Kg8 57. g6
Kf8 58. Kg5 Kg7 59. Nc5 Kg8 60. Kh6 Kh8 61. Ne4 Kg8 62. g7 1-0

[Event "Klubbmesterskapet 2015 (C)"]
[Site "Ås, Akershus NOR"]
[Date "2015.01.15"]
[Round "1"]
[White "Petersen, Rune J."]
[Black "Sandvik, Sander"]
[Result "1-0"]
[WhiteElo "861"]
[BlackElo "860"]
[PlyCount "53"]
[EventDate "2015.01.15"]

1. d4 Nf6 2. Bg5 e6 3. Nf3 d5 4. e3 Be7 5. Bxf6 Bxf6 6. c4 c6 7. cxd5 cxd5 8.
Nc3 O-O 9. Be2 a6 10. O-O Nd7 11. b4 b5 12. a4 bxa4 13. Nxa4 a5 14. b5 Nb6 15.
Nc5 Nd7 16. Qd2 Nxc5 17. dxc5 Bxa1 18. Rxa1 a4 19. b6 Bd7 20. Qb4 Qe7 21. Bb5
Bxb5 22. Qxb5 Qe8 23. c6 a3 24. Ne5 a2 25. Qb4 f6 26. Nd7 Qc8 27. b7 1-0

[Event "Klubbmesterskapet 2015 (C)"]
[Site "Ås, Akershus NOR"]
[Date "2015.01.15"]
[Round "1"]
[White "Samset, Jon"]
[Black "Aalmo, Alexander"]
[Result "0-1"]
[WhiteElo "1150"]
[BlackElo "1147"]
[PlyCount "76"]
[EventDate "2015.01.15"]

1. e4 c5 2. c3 Nc6 3. d4 cxd4 4. cxd4 d6 5. d5 Ne5 6. Nc3 g6 7. h3 Nf6 8. Bg5
Bg7 9. Nf3 Qa5 10. Rc1 Nxe4 11. Bb5+ Kf8 12. Nxe5 Bxe5 13. Bh6+ Kg8 14. Ba4
Nxc3 15. bxc3 Bxc3+ 16. Kf1 Qa6+ 17. Kg1 Bb2 18. Rc7 b5 19. Qc2 Bd4 20. Bxb5
Bxf2+ 21. Kxf2 Qb6+ 22. Kf1 Qxb5+ 23. Kg1 Bd7 24. Qc3 f6 25. Kh2 Kf7 26. Qe3
Rhe8 27. Rd1 Qa4 28. Qf3 Rac8 29. Rxc8 Rxc8 30. a3 Bf5 31. Rf1 Rc2 32. Qg3 Be4
33. Rf2 Rxf2 34. Qxf2 Qxa3 35. Qd4 Qd3 36. Qxa7 Qxd5 37. Qb8 Qa8 38. Qb3+ Bd5 {
Hvit tapte på tid} 0-1

[Event "Klubbmesterskapet 2015 (A)"]
[Site "Ås, Akershus NOR"]
[Date "2015.01.22"]
[Round "2"]
[White "Holm, Bjarne"]
[Black "Kielland-Lund, Jon"]
[Result "0-1"]
[WhiteElo "1547"]
[BlackElo "1547"]
[Annotator "Kielland-Lund, Jon"]
[PlyCount "56"]
[EventDate "2015.01.15"]

1. d4 d5 2. c4 c6 3. cxd5 cxd5 4. Nf3 Nc6 5. Bf4 Bf5 6. Qa4 {Db3 er bedre, jeg
hadde planlagt Sa5.} Nf6 {!? Db6 skaper problemer for hvit.} 7. Nc3 Qb6 8. Qb5
Qxb5 9. Nxb5 Rc8 10. Rc1 e6 11. a3 Nd7 {Her er a6 bedre, Sc7 fulgt av Se5 er
ikke så farlig som jeg fryktet.} 12. e3 a6 13. Nd6+ {Vi overså begge Sc7+ -
Kd8, Sxa6} Bxd6 14. Bxd6 f6 15. Nh4 Bg4 16. h3 Bh5 17. g4 Bf7 18. Bd3 g5 19.
Ng2 Bg6 20. Bxg6+ {Ke2 er bedre} hxg6 21. f4 gxf4 22. Nxf4 Kf7 23. Ke2 Na5 24.
Rc7 {?. Txc8 med omtrent likt spill. Nå får hvit problemer} Rxc7 25. Bxc7 Nc4
26. Nd3 g5 {?!. Tc8 fulgt av Sxb2, kniper en bonde} 27. Rc1 {?? Nå taper hvit.
Allt annet minsker kalamitetene.} Rxh3 28. Nf2 Rxe3+ {Og hvit hadde fått nok.}
0-1

[Event "Klubbmesterskapet 2015 (A)"]
[Site "Ås, Akershus NOR"]
[Date "2015.01.22"]
[Round "2"]
[White "Lange, Holger"]
[Black "Moberg, Jan Rune"]
[Result "1-0"]
[WhiteElo "1587"]
[BlackElo "1516"]
[PlyCount "91"]
[EventDate "2015.01.15"]

1. e4 d6 2. d4 f5 3. Nc3 fxe4 4. Nxe4 Nd7 5. Bd3 Ndf6 6. Ng3 Bg4 7. Nf3 e6 8.
h3 Bxf3 9. Qxf3 Be7 10. Qxb7 Nd7 11. Qe4 e5 12. dxe5 Nxe5 13. Bb5+ Kf8 14. Nf5
Nf6 15. Qe2 c6 16. Bd3 Nxd3+ 17. Qxd3 Qa5+ 18. Bd2 Qe5+ 19. Be3 Re8 20. O-O-O
Nd5 21. Bd4 Qf4+ 22. Kb1 Rg8 23. Nxe7 Rxe7 24. Qc4 Qf5 25. Qxc6 Nb4 26. Qc4 Rb7
27. a3 d5 28. Qc5+ Kf7 29. g4 Qd7 30. axb4 Rc8 31. Qa5 Rb5 32. Qa3 a5 33. Bc5
axb4 34. Bxb4 Qb7 35. Qf3+ Kg8 36. c3 Ra8 37. Kc2 Rc8 38. Ba3 Qc6 39. Rd4 Qb6
40. Rhd1 Qg6+ 41. Qd3 Qa6 42. Rxd5 Qa4+ 43. Kc1 Qf4+ 44. Qd2 Qb8 45. Rxb5 Qxb5
46. Qd5+ 1-0

[Event "Klubbmesterskapet 2015 (A)"]
[Site "Ås, Akershus NOR"]
[Date "2015.01.22"]
[Round "2"]
[White "Støle, Andreas"]
[Black "Taranger, Rune"]
[Result "1-0"]
[WhiteElo "1498"]
[BlackElo "1572"]
[PlyCount "63"]
[EventDate "2015.01.15"]

1. e4 d6 2. Bc4 Nf6 3. Nc3 g6 4. Nf3 Bg7 5. O-O O-O 6. d4 c6 7. Re1 Qc7 8. Bf4
Bg4 9. h3 Bxf3 10. Qxf3 Nfd7 11. Qe3 b5 12. Bd3 b4 13. Ne2 c5 14. c3 bxc3 15.
bxc3 Nc6 16. Bh6 Rab8 17. Bxg7 Kxg7 18. Rab1 Qa5 19. Bc4 Nb6 20. Bb5 cxd4 21.
Nxd4 Nxd4 22. Qxd4+ Kg8 23. e5 d5 24. Qb4 Qxb4 25. cxb4 e6 26. Rec1 Rfc8 27.
Ba6 Rxc1+ 28. Rxc1 Kf8 29. Rc7 Nc4 30. Bxc4 dxc4 31. Rxc4 Ke8 32. a4 1-0

[Event "Klubbmesterskapet 2015 (A)"]
[Site "Ås, Akershus NOR"]
[Date "2015.01.22"]
[Round "2"]
[White "Brenden, Torbjørn"]
[Black "Furnes, Torstein"]
[Result "1/2-1/2"]
[WhiteElo "1413"]
[BlackElo "1681"]
[PlyCount "119"]
[EventDate "2015.01.15"]

1. d4 d5 2. Nf3 Nf6 3. c4 e6 4. Nc3 Be7 5. e3 O-O 6. Be2 dxc4 7. Bxc4 c5 8. O-O
Nc6 9. a3 a6 10. Ne5 Qc7 11. Nxc6 Qxc6 12. d5 exd5 13. Nxd5 Nxd5 14. Bxd5 Qg6
15. Qf3 Rb8 16. e4 Bg4 17. Qg3 Bd6 18. f4 Qh5 19. Be3 Be7 20. Bf2 b6 21. h3 Be2
22. Rfe1 Kh8 23. Qe3 Bb5 24. g4 Qg6 25. Bg3 Rbe8 26. f5 Qg5 27. Bf4 Qh4 28. Kg2
g5 29. Qc3+ f6 30. Bg3 Qh6 31. a4 Bd7 32. e5 fxe5 33. Bxe5+ Bf6 34. Bxf6+ Qxf6
35. Qb3 Bc6 36. Bxc6 Qxc6+ 37. Kg1 c4 38. Qc3+ Kg8 39. b3 Qc5+ 40. Kg2 Qd5+ 41.
Kg1 cxb3 42. Rxe8 Rxe8 43. Qf6 Qe5 44. Qxg5+ Kh8 45. Rf1 Qg3+ 46. Kh1 Qxh3+ 47.
Kg1 Qe3+ 48. Qxe3 Rxe3 49. Kf2 Rc3 50. Ke2 b2 51. Rb1 Rb3 52. Kd2 Rb4 53. Kc3
Rxg4 54. Rxb2 Rxa4 55. Rxb6 Kg7 56. Rb7+ Kf6 57. Rxh7 Kxf5 58. Rh5+ Ke6 59. Kb3
Ra1 60. Kb4 1/2-1/2

[Event "Klubbmesterskapet 2015 (A)"]
[Site "Ås, Akershus NOR"]
[Date "2015.01.22"]
[Round "2"]
[White "Lea, Per"]
[Black "Thowsen, Alf Geir"]
[Result "1-0"]
[WhiteElo "1598"]
[BlackElo "1224"]
[Annotator "Lea,Per"]
[PlyCount "77"]
[EventDate "2015.01.15"]

1. e4 e6 2. d4 d5 3. Nc3 c5 4. exd5 exd5 5. dxc5 Nf6 6. Bg5 $2 (6. Be3 Be7 7.
Be2 $14) 6... Bxc5 7. Bb5+ Nc6 8. Qe2+ Be6 9. O-O-O d4 (9... O-O 10. Nf3 Be7
$13) 10. Ne4 Qd5 11. Bxf6 $18 Qxa2 12. Nxc5 (12. Bxg7 O-O-O 13. Nxc5 Qa1+ 14.
Kd2 Qa5+ 15. c3 dxc3+ 16. Ke3 $11) 12... Qa1+ 13. Kd2 Qa5+ 14. c3 gxf6 15. Nxe6
dxc3+ 16. bxc3 (16. Kc2 $1) 16... Qa2+ 17. Ke1 Qxe6 18. Qxe6+ fxe6 19. Bxc6+
bxc6 20. Rd6 Ke7 21. Rxc6 a5 22. Nf3 Rhb8 23. Ke2 a4 24. Rc4 a3 25. Rb4 Kd6 26.
Ra1 Rc8 27. Rb3 a2 28. Nd4 Rc4 29. Kd3 Rca4 30. c4 e5 31. Nb5+ Kc5 32. Nc3 Rd8+
33. Kc2 Rxc4 34. Rxa2 Rc8 35. Kd3 Rd8+ 36. Ke3 f5 37. Ra5+ Kd6 38. Rd5+ Ke7 39.
Rb7+ 1-0

[Event "Klubbmesterskapet 2015 (B)"]
[Site "Ås, Akershus NOR"]
[Date "2015.01.22"]
[Round "2"]
[White "Svebestad, Erlend"]
[Black "Simonsen, Steinar"]
[Result "0-1"]
[WhiteElo "1360"]
[BlackElo "1300"]
[PlyCount "102"]
[EventDate "2015.01.15"]

1. d4 d5 2. c4 e6 3. Nc3 Nf6 4. cxd5 exd5 5. Nf3 Bd6 6. Bg5 c6 7. e3 O-O 8. Bd3
Nbd7 9. O-O Qc7 10. h3 h6 11. Bxf6 Nxf6 12. Qc2 Re8 13. Rfe1 b5 14. a3 a5 15.
Rec1 Qe7 16. Nd2 Bd7 17. e4 Bf4 18. e5 Bxd2 19. exf6 Qxf6 20. Qxd2 Qh4 21. Re1
b4 22. Rxe8+ Rxe8 23. axb4 axb4 24. Ne2 g6 25. Ng3 Qxd4 26. Ra4 c5 27. Ra5 c4
28. Qxb4 Qxd3 29. Qd6 Be6 30. Kh2 Qd2 31. Ne4 Qd4 32. Qc6 Rc8 33. Ra8 Rxa8 34.
Qxa8+ Kg7 35. Nc3 Qf4+ 36. Kg1 Qc1+ 37. Kh2 Qd2 38. f3 d4 39. Ne4 Qf4+ 40. Ng3
d3 41. Qe4 Qd6 42. Qe1 Qd4 43. Qd2 Qe5 44. f4 Qd4 45. Kh1 Qd5 46. Qc3+ Kh7 47.
Nf1 Bxh3 48. Ne3 Qe4 49. Qf6 Be6 50. f5 gxf5 51. Nxf5 Qxf5 0-1

[Event "Klubbmesterskapet 2015 (B)"]
[Site "Ås, Akershus NOR"]
[Date "2015.01.22"]
[Round "2"]
[White "Olsen, Trygve"]
[Black "Fuglseth, Jan"]
[Result "1-0"]
[WhiteElo "1240"]
[BlackElo "1404"]
[PlyCount "95"]
[EventDate "2015.01.15"]

1. f4 d5 2. d4 Nf6 3. Nf3 e6 4. a3 c5 5. c3 Nbd7 6. e3 Bd6 7. Ne5 Ne4 8. Qf3
cxd4 9. exd4 Qb6 10. Nd2 Nxd2 11. Kxd2 Nf6 12. Bd3 Bd7 13. Nxd7 Nxd7 14. Re1
Nf6 15. Ke2 Qc6 16. a4 Ne4 17. Bb5 O-O 18. Bxc6 bxc6 19. Kf1 f5 20. b4 Rab8 21.
Be3 a6 22. Rec1 Rf6 23. Rc2 Rh6 24. Kg1 g5 25. g4 Rf8 26. fxg5 Rh4 27. Rg2 f4
28. Bf2 Nxg5 29. Qd3 Rh6 30. Rf1 Nh3+ 31. Kh1 f3 32. Rg3 Nxf2+ 33. Rxf2 Bxg3
34. Rxf3 Bf4 35. h3 Rhf6 36. Kg2 e5 37. dxe5 Bxe5 38. Rxf6 Rxf6 39. h4 Rf4 40.
Kh3 Rc4 41. Qf5 Rxc3+ 42. Kg2 Bg7 43. h5 d4 44. g5 d3 45. Qe6+ Kf8 46. g6 hxg6
47. hxg6 Rc2+ 48. Kf3 1-0

[Event "Klubbmesterskapet 2015 (B)"]
[Site "Ås, Akershus NOR"]
[Date "2015.01.22"]
[Round "2"]
[White "Bø, Martin"]
[Black "Naasen, Nils"]
[Result "1/2-1/2"]
[WhiteElo "1174"]
[BlackElo "1239"]
[Annotator "Furnes, Torstein"]
[PlyCount "114"]
[EventDate "2015.01.15"]

1. e4 e5 2. Nf3 Nc6 3. Bb5 a6 4. Bxc6 dxc6 5. O-O Bd6 6. h3 Nf6 7. Re1 Be6 8.
d3 h6 9. Nbd2 b5 10. Nf1 O-O 11. Ng3 Re8 12. c3 c5 13. Be3 Bc8 14. d4 cxd4 15.
cxd4 Bb7 16. dxe5 Bxe5 17. Nxe5 Qxd1 18. Raxd1 Rxe5 19. Bf4 Ree8 20. f3 c5 21.
Rc1 c4 22. b3 cxb3 23. axb3 Rac8 24. Nf5 Rxc1 25. Rxc1 Kh7 26. Nd6 Re7 27. Nxb7
Rxb7 28. Ra1 Rb6 29. Be3 Rc6 30. b4 g5 31. g3 Kg6 32. Kg2 Nd7 33. Bc5 Nxc5 34.
bxc5 Kf6 35. f4 gxf4 36. gxf4 Ke6 37. Kf3 Kd7 38. e5 Kc7 39. f5 Kb7 40. Rc1 a5
41. Kg4 b4 42. e6 fxe6 43. f6 Ka6 44. f7 Rc8 45. Rf1 Rf8 46. Kh5 b3 47. Kxh6 a4
(47... Rxf7 $1 {vinner for svart.} 48. Rxf7 b2 49. Rf1 a4 50. Rb1 a3 51. h4 Kb5
52. h5 Kxc5 53. Kg6 a2 54. Rxb2 a1=Q) 48. Kg7 Rxf7+ {For ett trekk siden ville
dette tårnofferet gitt svart vinststilling, men nå gir det bare remis. Ifølge
Fritz 11.} 49. Kxf7 b2 50. Kxe6 a3 51. c6 Kb6 52. Kd7 a2 53. c7 b1=Q 54. Rxb1+
axb1=Q 55. c8=Q Qf5+ 56. Kd8 Qf8+ 57. Kd7 Qf5+ 1/2-1/2

[Event "Klubbmesterskapet 2015 (B)"]
[Site "Ås, Akershus NOR"]
[Date "2015.01.22"]
[Round "2"]
[White "Stensland, Martin"]
[Black "Garmark, Vegard"]
[Result "0-1"]
[WhiteElo "1174"]
[BlackElo "1219"]
[Annotator "Lea,Per"]
[PlyCount "84"]
[EventDate "2015.01.15"]

1. d4 e6 2. Nf3 d5 3. Bf4 c5 4. dxc5 Bxc5 5. e3 Nf6 6. Nc3 a6 7. a3 Nc6 8. Be2
O-O 9. O-O Nh5 10. Bg5 f6 11. Bh4 g5 12. Bg3 Nxg3 13. hxg3 Qd6 14. Qd2 h5 15.
b4 Bb6 16. b5 Ne5 17. Ne4 Nxf3+ 18. Bxf3 Qe5 19. Nc3 h4 20. Ne2 axb5 21. Bh5
Bd7 22. Qd3 f5 23. gxh4 gxh4 24. Nf4 Bc7 25. g3 Ra4 26. Ng6 Qd6 27. Nxf8 Kxf8
28. Qc3 d4 29. exd4 hxg3 30. d5 gxf2+ 31. Rxf2 Qg3+ 32. Qxg3 Bxg3 33. Re2 exd5
34. Rg2 Be5 35. Rd2 Bc6 36. Rd3 Ke7 37. Bf3 d4 38. Bxc6 bxc6 39. Rd2 Ke6 40.
Rg2 Kd5 41. Rg8 Rc4 42. Rd8+ Ke4 {Kluss i noteringa...} 0-1

[Event "Klubbmesterskapet 2015 (B)"]
[Site "Ås, Akershus NOR"]
[Date "2015.02.01"]
[Round "2"]
[White "Rønbeck, Bjørn"]
[Black "Ruud, Kjetil"]
[Result "0-1"]
[WhiteElo "1158"]
[BlackElo "1301"]
[PlyCount "56"]

1. b3 d5 2. Ba3 Bf5 3. d3 Nd7 4. Nd2 c5 5. e4 dxe4 6. dxe4 Bxe4 7. Nxe4 Qa5+ 8.
Qd2 Qxa3 9. Bb5 O-O-O 10. Rd1 Qb4 11. Nc3 Ngf6 12. Nf3 Qg4 13. O-O a6 14. Ne5
Qe6 15. Bxd7+ Nxd7 16. Rfe1 g6 17. Qf4 Nxe5 18. Rxd8+ Kxd8 19. Rxe5 Bh6 20. Qe4
Qc6 21. Qh4 g5 22. Rd5+ Qxd5 23. Qg3 Qd6 24. Qf3 Bg7 25. Ne4 Qe5 26. g3 Kc7 27.
Nd2 b5 28. Qxf7 Rf8 0-1

[Event "Klubbmesterskapet 2015 (C)"]
[Site "Ås, Akershus NOR"]
[Date "2015.02.19"]
[Round "2"]
[White "Sandvik, Sander"]
[Black "Thorvaldsen, Thomas"]
[Result "1/2-1/2"]
[WhiteElo "860"]
[BlackElo "1006"]
[PlyCount "84"]
[EventDate "2015.01.15"]

1. e4 e6 2. d4 d5 3. Nd2 c5 4. c3 Nc6 5. Ngf3 Qb6 6. Qb3 Nf6 7. Qxb6 axb6 8. e5
Nd7 9. Bd3 Be7 10. O-O O-O 11. Re1 f6 12. exf6 Nxf6 13. Nb1 Bd6 14. Na3 Re8 15.
Nb5 Bb8 16. Ne5 Nxe5 17. dxe5 Nd7 18. f4 Ra5 19. b4 Ra4 20. a3 d4 21. Bc2 Ra8
22. bxc5 dxc3 23. cxb6 Nxb6 24. Nxc3 Ba7 25. Nb5 Nd5+ 26. Nxa7 Rxa7 27. g3 Bd7
28. Bd2 Rc8 29. Be4 Bc6 30. Rec1 Ra4 31. Bxd5 exd5 32. Kf2 Bd7 33. Rxc8+ Bxc8
34. Bb4 Ra8 35. Ke3 Be6 36. Kd4 Rc8 37. Ke3 Rc4 38. Ra2 Re4+ 39. Kd2 d4 40. Kd3
Bf5 41. Kd2 d3 42. Kc3 Kf7 1/2-1/2

[Event "Klubbmesterskapet 2015 (C)"]
[Site "Ås, Akershus NOR"]
[Date "2015.02.19"]
[Round "2"]
[White "Petersen, Rune J"]
[Black "Samset, Jon"]
[Result "0-1"]
[WhiteElo "861"]
[BlackElo "1150"]
[PlyCount "66"]
[EventDate "2015.01.15"]

1. d4 g6 2. Nf3 Bg7 3. e3 d6 4. Bc4 h6 5. Bd2 c5 6. Bc3 Bg4 7. h3 Bf5 8. Bd3
Bxd3 9. cxd3 Nf6 10. dxc5 dxc5 11. Nbd2 Qxd3 12. Ne5 Qd5 13. Qa4+ Nc6 14. Nxc6
bxc6 15. Rd1 Qxg2 16. Rf1 O-O 17. Nc4 Rfc8 18. Na5 h5 19. f3 Bh6 20. Rf2 Qg1+
21. Ke2 Qg3 22. Nxc6 Rc7 23. Bxf6 exf6 24. Rd8+ Rxd8 25. Nxd8 Re7 26. e4 Qd6
27. Nc6 Rd7 28. Nxa7 Qd3+ 29. Ke1 Bd2+ 30. Rxd2 Qxd2+ 31. Kf1 Qc1+ 32. Ke2
Qxb2+ 33. Ke3 Qd2# 0-1

[Event "Klubbmesterskapet 2015 (C)"]
[Site "Ås, Akershus NOR"]
[Date "2015.01.22"]
[Round "2"]
[White "Aalmo, Alexander"]
[Black "Heien, Aksel"]
[Result "1-0"]
[WhiteElo "1147"]
[BlackElo "893"]
[Annotator "Lea,Per"]
[PlyCount "147"]
[EventDate "2015.01.15"]

1. d4 d5 2. Nf3 Nf6 3. Bg5 Ne4 4. Bh4 Nc6 5. e3 Bg4 6. c4 g5 7. Bg3 h5 8. h3
Nxg3 9. fxg3 Bxf3 10. Qxf3 e6 11. a3 a5 12. Nc3 Ne7 13. Qf6 Rg8 14. Be2 Nf5 15.
Nxd5 Rg6 16. Qe5 Bg7 17. Nxc7+ Kd7 18. Qb5+ Kxc7 19. Bf3 Nd6 20. Qc5+ Kb8 21.
Bxh5 Ne4 22. Qb5 Nxg3 23. Bxg6 Nxh1 24. Be4 Qc7 25. Qxg5 Ng3 26. Bd3 Bf8 27.
Rc1 Nf5 28. Bxf5 exf5 29. Qg8 Qe7 30. Kd2 Kc7 31. c5 Bh6 32. Qg3+ Kd8 33. Qf3
Rb8 34. Qd5+ Ke8 35. Rf1 Qxe3+ 36. Kc2 Qe2+ 37. Kb3 Qxf1 38. Qe5+ Kf8 39. Qxb8+
Kg7 40. Qxb7 Qd3+ 41. Ka2 Qxd4 42. Qb5 a4 43. c6 Bf4 44. Qxf5 Qc4+ 45. Ka1 Qf1+
46. Ka2 Qxg2 47. Qxf4 Qxc6 48. Qe5+ Kg6 49. Qg3+ Kf6 50. Qf4+ Kg7 51. Qg5+ Kf8
52. Qf5 Qc4+ 53. Ka1 Qh4 $2 (53... Qc1+ 54. Qb1 Qc4 $11) 54. Qc5+ Kg8 55. Qc8+
Kh7 56. Qf5+ Kg8 57. Kb1 (57. Qg4+ Qxg4 58. hxg4 $18) 57... Qe1+ 58. Kc2 Qe2+
59. Kc3 Qe3+ 60. Qd3 Qc1+ 61. Kb4 Qxb2+ 62. Kxa4 Qe5 63. Kb4 f5 64. Kc4 Kg7 65.
Qd7+ Kf6 66. Qd8+ Ke6 67. Qe8+ Kf6 68. Qxe5+ Kxe5 69. Kd3 f4 70. Ke2 Ke4 71. a4
f3+ 72. Kf2 Kf4 73. a5 Ke4 74. a6 1-0

[Event "Klubbmesterskapet 2015 (A)"]
[Site "Ås, Akershus NOR"]
[Date "2015.02.05"]
[Round "3"]
[White "Thowsen, Alf Geir"]
[Black "Holm, Bjarne"]
[Result "0-1"]
[WhiteElo "1224"]
[BlackElo "1547"]
[PlyCount "79"]
[EventDate "2015.01.15"]

1. d4 d5 2. c4 dxc4 3. Nc3 e6 4. e3 Nf6 5. Bxc4 a6 6. Nf3 b5 7. Bd3 Bb7 8. a3
c5 9. dxc5 Bxc5 10. b4 Be7 11. Bc2 Qc7 12. Bb2 O-O 13. O-O Nbd7 14. Rc1 Qb6 15.
Nd4 Ne5 16. Bb3 Rfd8 17. Qe2 Rac8 18. Rfd1 Rd7 19. f4 Nc4 20. Bxc4 Rxc4 21. Na4
Qc7 22. Rxc4 bxc4 23. Rc1 Bd5 24. Nc3 Qc8 25. e4 Bb7 26. Na4 Qd8 27. Rxc4 Nxe4
28. Qc2 Bf6 29. Nc5 Bxd4+ 30. Bxd4 Rxd4 31. Nxe4 Rd1+ 32. Kf2 f5 33. Ke2 Rg1
34. Kf2 Rh1 (34... Qh4+ 35. g3 (35. Kxg1 Qe1#) 35... Qxh2+ 36. Ke3 Re1+ 37. Kd4
Rxe4+) 35. Nc5 Bd5 36. Rd4 Rxh2 37. Nxe6 Rxg2+ 38. Kf1 Qe8 39. Qc7 (39. Qc5 $11
) 39... Qb5+ 40. Rc4 0-1